000 00279nam a22001337a 4500
008 170620b xxu||||| |||| 00| 0 eng d
020 _a0813309328
041 _aeng
080 _a32
100 _a20
101 _aSHP
245 _aGLOBAL ORDER
_cMILLER, L.H
942 _2udc
_cBK
999 _c18365
_d18365